000 00430nam a22001697a 4500
005 20180703171020.0
008 160525b xxu||||| |||| 00| 0 eng d
020 _a81-203-1202-3
041 _aeng
082 _b4878
_a658.15
100 _aMyddelton, D.R.
_9503
245 _aThe Essence of Financial Management
260 _aNew Delhi
_bAcademic Faundation
_c1995
300 _a166p,
650 _aManagement
_9241
942 _cBK
999 _c1696
_d1695